เรื่องตำนานพระโกษฐ์ แล หีบศพบันดาศักดิ์ / (ระเบียนเลขที่ 76743)
| 000 -LEADER | |
|---|---|
| fixed length control field | 02211nam a22002417a 4500 |
| 005 - DATE AND TIME OF LATEST TRANSACTION | |
| control field | 20251125233133.0 |
| 008 - FIXED-LENGTH DATA ELEMENTS--GENERAL INFORMATION | |
| fixed length control field | s2468 th tha d |
| 040 ## - CATALOGING SOURCE | |
| Original cataloging agency | NALT |
| 041 ## - LANGUAGE CODE | |
| Language code of text/sound track or separate title | tha |
| 050 ## - LIBRARY OF CONGRESS CALL NUMBER | |
| Classification number | GT 3278 |
| Item number | ส273ร 2468 |
| 100 0# - MAIN ENTRY--PERSONAL NAME | |
| Personal name | นริศรานุวัดติวงศ์, |
| Titles and words associated with a name | สมเด็จพระเจ้าบรมวงศ์เธอ เจ้าฟ้าฯ กรมพระยา |
| 9 (RLIN) | 22855 |
| 245 10 - TITLE STATEMENT | |
| Title | เรื่องตำนานพระโกษฐ์ แล หีบศพบันดาศักดิ์ / |
| Statement of responsibility, etc. | สมเด็จเจ้าฟ้า กรมพระยานริศรานุวัดติวงศ. |
| 246 14 - VARYING FORM OF TITLE | |
| Title proper/short title | เรื่องตำนานพระโกษฐ์ แล หีบศพบันดาศักดิ์ กรมพระสมมตอมรพันธุ์ กรมพระดำรงราชานุภาพ แลสมเด็จเจ้าฟ้ากรมพระนริศรานุวัติวงศ ช่วยกันทรงเรียบเรียง พิมพ์ในงารพระศพ พระเจ้าบรมวงศเธอ พระองค์เจ้านารีรัตนา ครบปัญญาสมวาร ณ วันที่ 3 สิงหาคม ปีฉลู พ.ศ. 2468 |
| 260 ## - PUBLICATION, DISTRIBUTION, ETC. | |
| Place of publication, distribution, etc. | พระนคร : |
| Name of publisher, distributor, etc. | โรงพิมพ์โสภณพิพรรฒธนากร, |
| Date of publication, distribution, etc. | 2468. |
| 300 ## - PHYSICAL DESCRIPTION | |
| Extent | 27 หน้า ; |
| Other physical details | |
| Dimensions | 21 ซม. |
| 500 ## - GENERAL NOTE | |
| General note | พิมพ์ในงารพระศพ พระเจ้าบรมวงศ์เธอ พระองค์เจ้านารีรัตนา ครบปัญญาสมวาร ณวันที่ 1 สิงหาคม ปีฉลู พ.ศ. 2468 |
| 650 #4 - SUBJECT ADDED ENTRY--TOPICAL TERM | |
| Topical term or geographic name entry element | พิธีทางศาสนาและพิธีกรรม |
| 9 (RLIN) | 29910 |
| General subdivision | ศพ |
| Geographic subdivision | ไทย |
| 650 #4 - SUBJECT ADDED ENTRY--TOPICAL TERM | |
| Topical term or geographic name entry element | โกศ |
| 9 (RLIN) | 10038 |
| 850 ## - HOLDING INSTITUTION | |
| Holding institution | NALT |
| 856 40 - ELECTRONIC LOCATION AND ACCESS | |
| Uniform Resource Identifier | <a href="https://hdl.handle.net/20.500.14156/513484">https://hdl.handle.net/20.500.14156/513484</a> |
| -- | 1 |
| 942 ## - ADDED ENTRY ELEMENTS (KOHA) | |
| Koha item type | General Book |
| Source of classification or shelving scheme | Library of Congress Classification |
| Koha issues (borrowed), all copies | 1 |
| 998 ## - LOCAL CONTROL INFORMATION (RLIN) | |
| -- | 8 |
| -- | นายบัณฑิต อุทาวงค์ |
| Withdrawn status | Lost status | Source of classification or shelving scheme | Damaged status | Not for loan | Collection code | Home library | Current library | Source of acquisition | Total Checkouts | Full call number | Barcode | Date last seen | Date last checked out | Price effective from | Koha item type |
|---|---|---|---|---|---|---|---|---|---|---|---|---|---|---|---|
| Library of Congress Classification | General Book collection | National Assembly Library of Thailand | National Assembly Library of Thailand | บริจาค | 1 | GT 3278 ส273ร 2468 | 3961202972 | 10/11/2025 | 03/11/2025 | 09/06/2017 | General Book |
